Evaluación técnica del área de evaporadores y tachos del ingenio Victoria de Julio
Presenta evaluación técnica en el área de evaporadores y techos del ingenio Victoria de Julio.El que comprendió el funcionamiento, eficiencia, cantidad de vapor que consume el área, condiciones de operación y capacidad del equipo.Determina la capacidad del sistema de evaporación la máxima m...
| Main Authors: | , |
|---|---|
| Other Authors: | |
| Format: | Tesis Section = Libro |
| Language: | Undetermined Spanish |
| Published: |
Managua
UNI
1997
|
| Subjects: |
| LEADER | 01200nam a2200217Ia 4500 | ||
|---|---|---|---|
| 008 | 240830s9999 xx 000 0 und d | ||
| 040 | |a CEDOC DACA-RUSB / Mon 660.28426 M385 | ||
| 041 | |a spa | ||
| 082 | |a Mon 660.28426 M385 | ||
| 100 | 1 | |a Martínez Cervantes, Ivette María | |
| 100 | 1 | |b Torrez Zamora, Amalia Lisset | |
| 245 | 1 | 0 | |a Evaluación técnica del área de evaporadores y tachos del ingenio Victoria de Julio |
| 260 | |a Managua |b UNI |c 1997 | ||
| 300 | |a 170 p. :il | ||
| 502 | |a Tesis (Ingeniero Químico) -UNI, 1997. | ||
| 520 | 3 | |a Presenta evaluación técnica en el área de evaporadores y techos del ingenio Victoria de Julio.El que comprendió el funcionamiento, eficiencia, cantidad de vapor que consume el área, condiciones de operación y capacidad del equipo.Determina la capacidad del sistema de evaporación la máxima molienda de caña que puede realizarse, así como la cantidad de vapor que consumen los techos.Dispone las soluciones acertadas de las principales diferencias que existen en las condiciones de trabajo, p | |
| 650 | 7 | |a PROCEDIMIENTOS DE EVAPORACION Y SECADO | |
| 700 | 1 | |a Tutor: |b Jerez, Eduardo | |
| 942 | |c BK |2 ddc | ||
| 991 | |a TESIS | ||
| 999 | |c 26194 | ||